000 01082cam a2200349 a 4500
001 765171
003 ARRUPE
005 20150722150239.0
008 890714r19881974nyua 001 0 eng
010 _a 88025858
020 _a0486258394 (pbk.)
035 _a(OCoLC)18414506
035 _a(OCoLC)ocm18414506
035 _a(CStRLIN)NYCG89-B51801
035 _a(NNC)765171
040 _dMdBJ
_cArrupe
050 0 _aQC88
_b.K57 1988
082 0 _a530.8/09
_219
090 _aQC88
_b.K57 1988
100 1 _aKlein, H. Arthur.
_918524
240 1 0 _aWorld of measurements
245 1 4 _aThe science of measurement :
_ba historical survey /
_cHerbert Arthur Klein.
260 _aNew York :
_bDover Publications,
_c1988, c1974.
263 _a8812
300 _a736 p. :
_bill. ;
_c22 cm.
500 _aReprint. Originally published: The world of measurements. New York : Simon & Schuster, 1974.
500 _aIncludes index.
650 0 _aWeights and measures.
_918525
650 0 _aWeights and measures
_xHistory.
_918362
942 _2lcc
_cMONOGRAPH
999 _c123037
_d123037